000
00337nam a2200133Ia 4500
008
240624s9999 xx 000 0 und d
041
_a
eng
082
_a
005.1 HEN
100
_a
HENRY JOEL
245
_a
SOFTWARE PROJECT MANAGEMENT A REAL WORLD
260
_c
2004
_a
New Delhi
_b
Pearson Education
300
_a
440 : p.
365
_c
RS
_b
30
999
_c
17508
_d
17508